[Event "Manitoba-ch U20"]
[Site "Winnipeg CAN"]
[Date "2023.12.10"]
[Round "4.3"]
[White "Aiello, Mick"]
[Black "Repaka, Prabhav"]
[Result "1/2-1/2"]
[WhiteElo "1616"]
[BlackElo "1533"]
[PlyCount "145"]
[EventDate "2023.12.09"]
[EventType "swiss"]
[EventRounds "4"]
[EventCountry "CAN"]

1. e4 c6 2. d4 d5 3. e5 c5 4. dxc5 e6 5. c3 Bxc5 6. Nf3 Nc6 7. Bd3 Qc7 8. Qe2
Nge7 9. Bf4 Ng6 10. Bg3 a5 11. a4 Bd7 12. Nbd2 O-O 13. h4 d4 14. h5 dxc3 15.
bxc3 Nge7 16. Qe4 Nf5 17. Qg4 h6 18. Bf4 Nce7 19. Ne4 Kh8 20. Qh3 Nd5 21. Bd2
f6 22. g4 Nfe7 23. exf6 Nxf6 24. g5 Nxe4 25. Bxe4 Nf5 26. gxh6 Nxh6 27. Qg2 Bc6
28. Bd3 Bxf3 29. Qg6 Nf5 30. Rh3 Qf7 31. Rxf3 Qxg6 32. hxg6 Nh6 33. Rxf8+ Rxf8
34. Be3 Bxe3 35. fxe3 Ng4 36. Kd2 Rd8 37. Ke2 Ne5 38. Rd1 Kg8 39. Bc4 Rxd1 40.
Bxe6+ Kf8 41. Kxd1 Nxg6 42. Kd2 Ke7 43. Bd5 b6 44. Kd3 Kd6 45. Be4 Ne5+ 46. Kd4
Nd7 47. Kc4 Nc5 48. Bc2 g5 49. Bd1 Ne4 50. Kd4 Nf2 51. Bf3 g4 52. Bg2 Nd1 53.
e4 Ke6 54. c4 Nb2 55. c5 Nxa4 56. cxb6 Nxb6 57. Kc5 Na4+ 58. Kb5 Nc3+ 59. Kxa5
Ke5 60. Kb4 Nxe4 61. Kc4 Kf4 62. Kd3 Nf2+ 63. Ke2 Kg3 64. Kf1 Nh3 65. Bc6 Kh2
66. Ke2 Nf4+ 67. Kf2 g3+ 68. Kf1 Ne6 69. Bd5 Nd4 70. Bb7 Nc2 71. Ke2 Kg1 72.
Kf3 g2 73. Kg3 1/2-1/2

[Event "Manitoba-ch U20"]
[Site "Winnipeg CAN"]
[Date "2023.12.10"]
[Round "4.4"]
[White "Fehr, Brody"]
[Black "Zhou, Joe"]
[Result "1-0"]
[WhiteElo "1823"]
[BlackElo "1701"]
[PlyCount "29"]
[EventDate "2023.12.09"]
[EventType "swiss"]
[EventRounds "4"]
[EventCountry "CAN"]

1. d4 d5 2. Nc3 Nf6 3. Bf4 Bf5 4. e3 Nbd7 5. Nb5 e5 6. Bxe5 Nxe5 7. dxe5 Ne4 8.
Qxd5 Bb4+ 9. c3 Qe7 10. Nxc7+ Qxc7 11. Qb5+ Bd7 12. Qxb4 Nc5 13. Nf3 O-O 14.
Be2 Bg4 15. Qxg4 1-0

[Event "Manitoba-ch U20"]
[Site "Winnipeg CAN"]
[Date "2023.12.10"]
[Round "4.5"]
[White "Buzhor, Danil"]
[Black "Parboosingh, Harrison"]
[Result "1-0"]
[WhiteElo "1662"]
[BlackElo "1534"]
[PlyCount "67"]
[EventDate "2023.12.09"]
[EventType "swiss"]
[EventRounds "4"]
[EventCountry "CAN"]

1. e4 c5 2. d4 cxd4 3. c3 Nf6 4. e5 Nd5 5. Nf3 Nc6 6. cxd4 g6 7. Bc4 Nb6 8. Bb3
d6 9. Ng5 d5 10. Qf3 f6 11. exf6 exf6 12. Qe3+ Be7 13. Nf3 O-O 14. O-O Bg4 15.
Nbd2 Bd6 16. h3 Bf5 17. Re1 Qd7 18. Ne4 Bxe4 19. Qxe4 Kg7 20. Qh4 h5 21. Bf4
Bxf4 22. Qxf4 Rae8 23. Nh4 Rxe1+ 24. Rxe1 Re8 25. Rxe8 Qxe8 26. Bc2 Ne7 27. g4
g5 28. Nf5+ Nxf5 29. Qxf5 Kf7 30. gxh5 Qh8 31. Qg6+ Ke7 32. h6 Nd7 33. Bf5 Kd6
34. Bxd7 1-0

[Event "Manitoba-ch U20"]
[Site "Winnipeg CAN"]
[Date "2023.12.10"]
[Round "4.6"]
[White "Abdildin, Amangeldi"]
[Black "Bilugan, Mason"]
[Result "1-0"]
[WhiteElo "1691"]
[BlackElo "1480"]
[PlyCount "47"]
[EventDate "2023.12.09"]
[EventType "swiss"]
[EventRounds "4"]
[EventCountry "CAN"]

1. d4 Nf6 2. Bf4 d5 3. Nf3 e6 4. e3 Bd6 5. Bg3 c5 6. c3 Qc7 7. Bd3 Nbd7 8. Qe2
O-O 9. Nbd2 c4 10. Bc2 e5 11. e4 dxe4 12. Nxe4 Nxe4 13. Bxe4 exd4 14. Nxd4 Bxg3
15. hxg3 g6 16. O-O-O Nc5 17. Bc2 Ne6 18. Rh6 Kg7 19. Rhh1 Rb8 20. Nb5 Qa5 21.
Qe5+ f6 22. Qxb8 Qxb5 23. Qd6 Rd8 24. Qe7+ 1-0

[Event "Mardi 2023.09.26"]
[Site "Laval CAN"]
[Date "2023.09.26"]
[Round "1.1"]
[White "Peloquin, Charli"]
[Black "Adam, Rafael"]
[Result "0-1"]
[WhiteElo "1870"]
[BlackElo "2178"]
[PlyCount "162"]
[EventDate "2023.09.26"]
[EventType "swiss"]
[EventRounds "5"]
[EventCountry "CAN"]

1. e4 c6 2. d4 d5 3. exd5 cxd5 4. c4 Nf6 5. Nc3 Nc6 6. Nf3 e6 7. Bg5 Be7 8. Rc1
O-O 9. Bd3 Nb4 10. Bb1 dxc4 11. Ne5 h6 12. h4 Qb6 13. a3 Nd3+ 14. Nxd3 cxd3 15.
Qxd3 Rd8 16. Bxf6 Bxf6 17. d5 exd5 18. Qh7+ Kf8 19. O-O Be6 20. Na4 Qd6 21. Nc5
Rab8 22. Rfe1 b6 23. Nxe6+ fxe6 24. Re2 e5 25. Rec2 Qe6 26. Rc7 Qg8 27. Qg6 Rd6
28. Rxa7 Qe6 29. Rcc7 Be7 30. Qxe6 Rxe6 31. Bf5 Rf6 32. Rxe7 Rxf5 33. Rxg7 h5
34. Rh7 Kg8 35. Rag7+ Kf8 36. Rg6 d4 37. Rh8+ Kf7 38. Rxb8 Kxg6 39. Rxb6+ Kf7
40. Kf1 d3 41. b4 e4 42. Ke1 Ke7 43. a4 Rf8 44. a5 Rc8 45. Rb5 Rc1+ 46. Kd2
Rc2+ 47. Kd1 Ke6 48. f4 Re2 49. Rxh5 e3 50. Re5+ Kd6 51. h5 Rd2+ 52. Ke1 Re2+
53. Kf1 Rf2+ 54. Kg1 d2 55. Rxe3 Rxg2+ 56. Kxg2 d1=Q 57. Rh3 Qg4+ 58. Kh2 Qxf4+
59. Kh1 Qf7 60. Kh2 Qf2+ 61. Kh1 Qf1+ 62. Kh2 Qf4+ 63. Kh1 Qh6 64. Kh2 Kc6 65.
Rh4 Kb5 66. Kh3 Kc6 67. Rc4+ Kd5 68. Rh4 Ke5 69. Kh2 Kf5 70. Kh3 Qe3+ 71. Kg2
Kg5 72. Rh3 Qe2+ 73. Kg3 Qg4+ 74. Kh2 Qf4+ 75. Kg2 Kg4 76. Rh2 Qg3+ 77. Kh1 Kf3
78. Ra2 Qh3+ 79. Kg1 Qg4+ 80. Kh2 Qxh5+ 81. Kg1 Qg6+ 0-1

[Event "Mardi 2023.09.26"]
[Site "Laval CAN"]
[Date "2023.09.26"]
[Round "1.2"]
[White "Guillemette, Hugo"]
[Black "Madanchi, Ata"]
[Result "1-0"]
[WhiteElo "2023"]
[BlackElo "1842"]
[PlyCount "115"]
[EventDate "2023.09.26"]
[EventType "swiss"]
[EventRounds "5"]
[EventCountry "CAN"]

1. e4 e5 2. Nf3 Nc6 3. Bb5 a6 4. Ba4 Nf6 5. O-O b5 6. Bb3 Bc5 7. a4 Rb8 8. c3
d6 9. d4 Bb6 10. a5 Nxa5 11. Rxa5 Bxa5 12. dxe5 O-O 13. exf6 Qxf6 14. Bg5 Qg6
15. Nbd2 h6 16. Bf4 Bb7 17. Bc2 Qf6 18. Bg3 Rfe8 19. Nh4 Bb6 20. Nf5 b4 21.
cxb4 Bc8 22. Nc4 Bxf5 23. exf5 Bd4 24. b3 Rxb4 25. Qh5 d5 26. Nd2 Qc6 27. Bd1
Qc3 28. Nf3 Bf6 29. h3 c5 30. Bc7 Rd4 31. g4 c4 32. bxc4 Qxc4 33. Bg3 Qd3 34.
Bh4 Bxh4 35. Qxh4 Rb4 36. f6 Rb1 37. fxg7 Rxd1 38. Rxd1 Qxd1+ 39. Kg2 Kxg7 40.
g5 Re6 41. Nd4 Rg6 42. Nf5+ Kg8 43. Ne7+ Kf8 44. Nxg6+ fxg6 45. Qxh6+ Kf7 46.
Qh7+ Kf8 47. Qxg6 Qd4 48. Qxa6 Qe4+ 49. f3 Qc2+ 50. Kg3 Qc7+ 51. f4 Qc3+ 52.
Kg4 Qc5 53. Qf6+ Kg8 54. g6 Qg1+ 55. Kh5 Qa7 56. Qd8+ Kg7 57. f5 Qd4 58. Qe7+
1-0

[Event "Mardi 2023.09.26"]
[Site "Laval CAN"]
[Date "2023.09.26"]
[Round "1.3"]
[White "Guillemette, Thomas"]
[Black "Deboosere, Adam"]
[Result "0-1"]
[WhiteElo "1807"]
[BlackElo "2016"]
[PlyCount "116"]
[EventDate "2023.09.26"]
[EventType "swiss"]
[EventRounds "5"]
[EventCountry "CAN"]

1. e4 c6 2. Nc3 d5 3. Nf3 a6 4. h3 dxe4 5. Nxe4 Bf5 6. Ng3 Bg6 7. h4 h6 8. Ne5
Qd6 9. Nxg6 Qxg6 10. d4 Qd6 11. c3 Nf6 12. Bd3 e6 13. Ne4 Nxe4 14. Bxe4 Nd7 15.
Qf3 Qc7 16. Bd2 Nf6 17. Bc2 Bd6 18. O-O Qa5 19. Rfe1 Qh5 20. Qxh5 Nxh5 21. Bb3
O-O-O 22. Bc4 Bf4 23. Bxf4 Nxf4 24. a4 Nd5 25. Rec1 Kc7 26. b4 Ra8 27. b5 axb5
28. axb5 Rxa1 29. Rxa1 cxb5 30. Bxb5 Nxc3 31. Rc1 Kb6 32. Rxc3 Kxb5 33. Rc7 Rb8
34. Rxf7 Kc4 35. Kf1 b5 36. Ke1 b4 37. Kd2 Rd8 38. Rxg7 Rxd4+ 39. Kc2 Rxh4 40.
Rg6 e5 41. Rc6+ Kd5 42. Rf6 Rf4 43. Rxh6 Rxf2+ 44. Kb3 Rxg2 45. Kxb4 Rc2 46.
Kb3 Rc8 47. Rh7 Kd4 48. Rd7+ Ke3 49. Re7 e4 50. Kb4 Kd3 51. Rd7+ Ke2 52. Re7 e3
53. Re6 Kd2 54. Rd6+ Ke1 55. Re6 e2 56. Re7 Rd8 57. Kc3 Kd1 58. Ra7 e1=Q+ 0-1

[Event "Mardi 2023.09.26"]
[Site "Laval CAN"]
[Date "2023.09.26"]
[Round "1.4"]
[White "Li, Yi Lin"]
[Black "Giroux, Robert"]
[Result "1-0"]
[WhiteElo "2001"]
[BlackElo "1790"]
[PlyCount "75"]
[EventDate "2023.09.26"]
[EventType "swiss"]
[EventRounds "5"]
[EventCountry "CAN"]

1. e4 e5 2. Nf3 Nc6 3. Bb5 a6 4. Ba4 d6 5. c3 Nf6 6. d3 g6 7. O-O Bg7 8. Re1
O-O 9. h3 Bd7 10. d4 b5 11. Bc2 Nh5 12. Be3 Qe8 13. g4 Nf4 14. Bxf4 exf4 15.
Qd2 Bh6 16. g5 Bg7 17. Qxf4 Bxh3 18. Qh4 Qc8 19. Kh2 Bg4 20. Nbd2 Rb8 21. Kg3
Bh5 22. e5 Ne7 23. exd6 Nf5+ 24. Bxf5 Qxf5 25. dxc7 Rbc8 26. Re7 f6 27. Qe4
fxg5 28. Re1 Qxe4 29. R1xe4 g4 30. Ne5 Bh6 31. Nb3 Bg5 32. Rd7 Rfe8 33. Nc5 a5
34. Nxg4 Bxg4 35. Kxg4 Bf6 36. Rxe8+ Rxe8 37. Nb7 h5+ 38. Kh3 1-0

[Event "Mardi 2023.09.26"]
[Site "Laval CAN"]
[Date "2023.09.26"]
[Round "1.5"]
[White "Deschamps, Martin"]
[Black "Avarian, Aram Sevag"]
[Result "1/2-1/2"]
[WhiteElo "1780"]
[BlackElo "1978"]
[PlyCount "104"]
[EventDate "2023.09.26"]
[EventType "swiss"]
[EventRounds "5"]
[EventCountry "CAN"]

1. c4 c5 2. Nc3 g6 3. g3 Bg7 4. Bg2 Nc6 5. Nf3 d6 6. O-O e5 7. d3 Nge7 8. Rb1
Rb8 9. Bd2 O-O 10. Nd5 b5 11. cxb5 Rxb5 12. Qa4 a6 13. Nxe7+ Qxe7 14. Ng5 Nd4
15. Qd1 f5 16. a4 Rb8 17. Bd5+ Kh8 18. e3 Nb3 19. Bxb3 Qxg5 20. Bd5 Bb7 21.
Bxb7 Rxb7 22. b4 Rfb8 23. Qc2 cxb4 24. Rxb4 Qd8 25. Rxb7 Rxb7 26. Rc1 Bf8 27.
Qc6 Rb2 28. Bc3 Rb6 29. Qd5 Qb8 30. d4 Rb1 31. Rxb1 Qxb1+ 32. Kg2 Qc2 33. Qf7
Qe4+ 34. f3 Qc2+ 35. Kh3 Bh6 36. Qe6 Qxc3 37. Qf6+ Kg8 38. Qe6+ Kg7 39. Qe7+
Kg8 40. Qe6+ Kf8 41. Qxd6+ Kf7 42. Qd5+ Ke8 43. Qxe5+ Kd7 44. Qd5+ Kc7 45. Qf7+
Kd6 46. Qf6+ Kc7 47. Qf7+ Kb6 48. Qxh7 Bxe3 49. Qxg6+ Kb7 50. Qf7+ Kb6 51. Qe6+
Kb7 52. Qf7+ Kb6 1/2-1/2

[Event "Mardi 2023.09.26"]
[Site "Laval CAN"]
[Date "2023.09.26"]
[Round "1.6"]
[White "Berube, Maximilien"]
[Black "Arseneau, Mathias"]
[Result "1/2-1/2"]
[WhiteElo "1915"]
[BlackElo "1715"]
[PlyCount "94"]
[EventDate "2023.09.26"]
[EventType "swiss"]
[EventRounds "5"]
[EventCountry "CAN"]

1. Nf3 d5 2. g3 c5 3. Bg2 Nc6 4. d4 Nf6 5. O-O e6 6. b3 b6 7. c4 Bb7 8. cxd5
exd5 9. Bb2 Be7 10. Nbd2 O-O 11. Rc1 Re8 12. dxc5 bxc5 13. Bxf6 gxf6 14. Nh4
Ne5 15. Nf5 Bf8 16. Nc4 Rb8 17. Nce3 d4 18. Nc4 Bxg2 19. Kxg2 Qd5+ 20. f3 Nxc4
21. e4 Qd8 22. Rxc4 Re5 23. Qd2 Rxf5 24. exf5 Qd5 25. Qa5 h5 26. Rd1 Qe5 27.
Rd2 h4 28. Rf2 hxg3 29. hxg3 Bd6 30. Kf1 Kg7 31. Qe1 Qxf5 32. Qe4 Qh3+ 33. Rg2
Kf8 34. Qh4 Qf5 35. Qe4 Qh5 36. Qc6 Qe5 37. Qe4 Qh5 38. Qc6 Qe5 39. Rcc2 d3 40.
Rcd2 Re8 41. Kg1 Qe1+ 42. Kh2 Bxg3+ 43. Kh3 Re5 44. Qc8+ Ke7 45. Qc7+ Ke8 46.
Qc8+ Ke7 47. Qc7+ Ke8 1/2-1/2

[Event "Mardi 2023.09.26"]
[Site "Laval CAN"]
[Date "2023.09.26"]
[Round "1.7"]
[White "Gerard, Patrice"]
[Black "Beaupre, Eugene jr"]
[Result "1-0"]
[WhiteElo "1665"]
[BlackElo "1896"]
[PlyCount "71"]
[EventDate "2023.09.26"]
[EventType "swiss"]
[EventRounds "5"]
[EventCountry "CAN"]

1. e4 c5 2. Nc3 a6 3. a4 Nc6 4. Bc4 e6 5. f4 Nge7 6. d3 d5 7. Ba2 b5 8. Qf3 Nd4
9. Qf2 b4 10. Nd1 Qa5 11. c3 b3 12. Bb1 dxe4 13. dxe4 Ng6 14. Ne3 Nc6 15. Ne2
Qc7 16. O-O Be7 17. Nc4 O-O 18. a5 Rb8 19. Be3 Rb5 20. Bd3 Nxa5 21. f5 Nxc4 22.
Bxc4 Ne5 23. Bxb5 axb5 24. Qg3 Bd6 25. Bf4 Nc4 26. f6 g6 27. Qh4 h5 28. Qg5
Bxf4 29. Nxf4 Kh7 30. Nxh5 e5 31. Ng3 Rh8 32. Nf5 Bxf5 33. exf5 Nd6 34. fxg6+
fxg6 35. Qxe5 Re8 36. Qxe8 1-0

[Event "Mardi 2023.09.26"]
[Site "Laval CAN"]
[Date "2023.09.26"]
[Round "1.9"]
[White "Sasportas, Moshe"]
[Black "Sekki, Abderaouf"]
[Result "0-1"]
[WhiteElo "1625"]
[BlackElo "1875"]
[PlyCount "86"]
[EventDate "2023.09.26"]
[EventType "swiss"]
[EventRounds "5"]
[EventCountry "CAN"]

1. e4 d6 2. d4 Nf6 3. Nc3 Nbd7 4. f4 e5 5. Nf3 exd4 6. Qxd4 c6 7. Bc4 d5 8.
exd5 Bc5 9. Qd3 O-O 10. h3 Re8+ 11. Kd1 Nb6 12. Bb3 cxd5 13. Ne5 Be6 14. Bd2 a6
15. Kc1 Qc7 16. Kb1 Rac8 17. a3 Red8 18. Ng4 Ne4 19. Bc1 h5 20. Nxe4 dxe4 21.
Qxe4 Bxb3 22. cxb3 hxg4 23. hxg4 g6 24. f5 Re8 25. Qf3 Bd4 26. fxg6 Qc2+ 27.
Ka2 fxg6 28. Rd1 Re3 29. Qxe3 Bxe3 30. Bxe3 Qc6 31. Bd4 Rd8 32. g5 a5 33. Rdc1
Qe6 34. Bf6 a4 35. Rab1 Qxb3+ 36. Ka1 Rd2 37. Rh1 Nc4 38. Rh8+ Kf7 39. Re1 Rd1+
40. Rxd1 Qxd1+ 41. Ka2 Nxb2 42. Rh7+ Ke6 43. Re7+ Kf5 0-1

[Event "Mardi 2023.09.26"]
[Site "Laval CAN"]
[Date "2023.10.03"]
[Round "2.1"]
[White "Adam, Rafael"]
[Black "Mangahas, Ronald"]
[Result "1-0"]
[WhiteElo "2178"]
[BlackElo "1873"]
[PlyCount "99"]
[EventDate "2023.09.26"]
[EventType "swiss"]
[EventRounds "5"]
[EventCountry "CAN"]

1. e4 c5 2. Nf3 d6 3. c3 Nf6 4. Be2 g6 5. O-O Bg7 6. Bb5+ Nbd7 7. Re1 O-O 8. d4
a6 9. Bd3 e5 10. dxe5 Nxe5 11. a4 Re8 12. Nxe5 dxe5 13. Na3 Be6 14. Bg5 Qc7 15.
Bc4 Rad8 16. Qe2 h6 17. Bxf6 Bxf6 18. Bxe6 Rxe6 19. Nc4 Bg5 20. a5 h5 21. Red1
Ree8 22. Rxd8 Rxd8 23. Rd1 Rxd1+ 24. Qxd1 Qd8 25. Qd6 Be7 26. Qd5 Qxd5 27. exd5
f6 28. d6 Bd8 29. d7 Kf8 30. Nd6 Ke7 31. Nxb7 Kxd7 32. Nxc5+ Kc6 33. Nxa6 Bxa5
34. b4 Bb6 35. c4 Bd4 36. Kf1 f5 37. f3 g5 38. Ke2 Ba7 39. Kd3 Bg1 40. h3 Bf2
41. b5+ Kd6 42. Nb8 Ba7 43. Nc6 Bc5 44. Nd8 Ke7 45. Nb7 Bf2 46. c5 Kd7 47. c6+
Kc7 48. Na5 Bd4 49. Nc4 Ba1 50. Ne3 1-0

[Event "Mardi 2023.09.26"]
[Site "Laval CAN"]
[Date "2023.10.03"]
[Round "2.2"]
[White "Sekki, Abderaouf"]
[Black "Guillemette, Hugo"]
[Result "0-1"]
[WhiteElo "1875"]
[BlackElo "2023"]
[PlyCount "72"]
[EventDate "2023.09.26"]
[EventType "swiss"]
[EventRounds "5"]
[EventCountry "CAN"]

1. d4 Nf6 2. c4 e6 3. Nf3 b6 4. g3 Ba6 5. Qc2 c5 6. d5 exd5 7. cxd5 Bb7 8. e4
Qe7 9. Bd3 Nxd5 10. a3 Nc6 11. O-O Nc7 12. Nc3 Nd4 13. Nxd4 cxd4 14. Ne2 Ne6
15. b4 Rc8 16. Qa4 Bc6 17. Qd1 g6 18. Ba6 Rd8 19. Qd3 Bg7 20. Ra2 O-O 21. f4
Nc7 22. e5 Nxa6 23. Qxa6 Qe6 24. Rd2 Qd5 25. Kf2 Bb5 26. Qxa7 d3 27. Qxb6 dxe2
28. Re1 Qc6 29. Rd6 Qxb6+ 30. Rxb6 Bc4 31. Be3 Ra8 32. Rc1 Be6 33. Bc5 Rfc8 34.
b5 Bf8 35. Be3 Rxc1 36. Bxc1 Bc5+ 0-1

[Event "Mardi 2023.09.26"]
[Site "Laval CAN"]
[Date "2023.10.03"]
[Round "2.3"]
[White "Deboosere, Adam"]
[Black "Gerard, Patrice"]
[Result "0-1"]
[WhiteElo "2016"]
[BlackElo "1665"]
[PlyCount "166"]
[EventDate "2023.09.26"]
[EventType "swiss"]
[EventRounds "5"]
[EventCountry "CAN"]

1. c4 Nf6 2. g3 g6 3. Bg2 Bg7 4. Nc3 O-O 5. e4 d6 6. Nge2 Nc6 7. O-O e5 8. d3
h6 9. h3 Be6 10. Be3 Qd7 11. Kh2 Nh5 12. f4 f5 13. Nd5 Rf7 14. Nec3 Nf6 15. Qb3
a6 16. exf5 Bxf5 17. Nxf6+ Bxf6 18. Qxb7 Rb8 19. Qxc6 Qxc6 20. Bxc6 exf4 21.
Bc1 fxg3+ 22. Kxg3 Bxd3 23. Rf3 Be5+ 24. Bf4 Rxf4 25. Bd5+ Kg7 26. Rxf4 g5 27.
Kf3 Bxf4 28. b3 Rf8 29. Kg2 Re8 30. Rd1 Bf5 31. Bf3 Bd7 32. Nd5 Bc6 33. Nxf4
Bxf3+ 34. Kxf3 gxf4 35. Rd5 Re3+ 36. Kxf4 Rxh3 37. Ra5 h5 38. Rxa6 Rh1 39. Ra7
Kf6 40. Rxc7 Rf1+ 41. Kg3 Rg1+ 42. Kf2 Rb1 43. Ra7 h4 44. Ra6 Ke5 45. Kg2 Rd1
46. Kh3 Rh1+ 47. Kg2 Rd1 48. a4 Rd2+ 49. Kh1 Kf4 50. Ra8 Rb2 51. Rf8+ Kg3 52.
Rg8+ Kh3 53. a5 Rxb3 54. Kg1 Ra3 55. Rg5 Ra1+ 56. Kf2 Ra2+ 57. Ke3 Ra3+ 58. Kd4
Rg3 59. Rh5 Rg7 60. a6 Kg3 61. Ra5 Rg4+ 62. Ke3 Rg8 63. Kd4 h3 64. Ra1 h2 65.
Kd5 Ra8 66. Ra3+ Kg4 67. Ra1 Rxa6 68. Rxa6 h1=Q+ 69. Kd4 Qh8+ 70. Kd5 Qe5+ 71.
Kc6 Qc5+ 72. Kd7 Qf5+ 73. Kc7 Qf7+ 74. Kb8 Qd7 75. Ra7 Qd8+ 76. Kb7 Kf4 77. Kc6
Ke5 78. Rd7 Qc8+ 79. Rc7 Qe8+ 80. Kb6 Kd4 81. Kb7 Qe6 82. Kc6 d5+ 83. Kb5 dxc4
0-1

[Event "Mardi 2023.09.26"]
[Site "Laval CAN"]
[Date "2023.10.03"]
[Round "2.4"]
[White "Lafleche, Alain"]
[Black "Li, Yi Lin"]
[Result "1-0"]
[WhiteElo "1633"]
[BlackElo "2001"]
[PlyCount "153"]
[EventDate "2023.09.26"]
[EventType "swiss"]
[EventRounds "5"]
[EventCountry "CAN"]

1. e4 e5 2. Nf3 Nc6 3. d4 exd4 4. Nxd4 Nxd4 5. Qxd4 d6 6. c4 Nf6 7. Nc3 c6 8.
f3 Be7 9. Be3 Qb6 10. Qd2 Qb4 11. Be2 Be6 12. Nb1 d5 13. cxd5 cxd5 14. e5 Nd7
15. f4 f6 16. exf6 Qxd2+ 17. Nxd2 Bxf6 18. Bd3 O-O 19. Nf3 Bxb2 20. Rb1 Bc3+
21. Ke2 Rfe8 22. Kf2 b6 23. Rhc1 Bf6 24. h3 Rac8 25. Ba6 Rxc1 26. Rxc1 Nb8 27.
Bb7 h5 28. Bd4 Kf7 29. g4 hxg4 30. hxg4 Re7 31. Bc8 Bxc8 32. Rxc8 Bxd4+ 33.
Nxd4 Na6 34. Nf5 Rd7 35. Nd4 Nc5 36. Rc6 Nd3+ 37. Kf3 Nb4 38. Rc8 Nxa2 39. Nc6
Ke6 40. f5+ Kd6 41. g5 Rc7 42. Rxc7 Kxc7 43. f6 gxf6 44. g6 Kxc6 45. g7 Nc3 46.
g8=Q Kc5 47. Ke3 b5 48. Qf8+ Kc4 49. Qc8+ Kb3 50. Kd3 Na4 51. Qc2+ Kb4 52. Kd4
a6 53. Kxd5 Nb6+ 54. Kd4 Nc4 55. Qc3+ Ka4 56. Kc5 a5 57. Qxf6 Na3 58. Qc6 Kb3
59. Qf3+ Kb2 60. Qe2+ Kb3 61. Qd3+ Kb2 62. Qd2+ Ka1 63. Qxa5 Kb2 64. Kb4 Nc2+
65. Kxb5 Nd4+ 66. Kc4 Nc2 67. Qe5+ Kc1 68. Kc3 Kd1 69. Qh5+ Ke1 70. Kxc2 Kf2
71. Qh3 Kg1 72. Qg3+ Kh1 73. Qf3+ Kh2 74. Kd2 Kg1 75. Ke2 Kh2 76. Qg4 Kh1 77.
Kf2 1-0

[Event "Mardi 2023.09.26"]
[Site "Laval CAN"]
[Date "2023.10.03"]
[Round "2.5"]
[White "Mok, Yuen Tak"]
[Black "Deschamps, Martin"]
[Result "1-0"]
[WhiteElo "2033"]
[BlackElo "1780"]
[PlyCount "117"]
[EventDate "2023.09.26"]
[EventType "swiss"]
[EventRounds "5"]
[EventCountry "CAN"]

1. e4 Nf6 2. e5 Nd5 3. d4 d6 4. Nf3 g6 5. Bc4 Nb6 6. Bb3 Bg7 7. O-O O-O 8. Re1
Nc6 9. exd6 Qxd6 10. c3 Bg4 11. h3 Bxf3 12. Qxf3 e5 13. dxe5 Nxe5 14. Qxb7 Rfe8
15. Rd1 Qf6 16. Na3 Nd3 17. Qf3 Qxf3 18. gxf3 Ne1 19. f4 Nf3+ 20. Kh1 Re7 21.
Be3 Rae8 22. Nb5 a6 23. Nxc7 Rxc7 24. Bxb6 Rce7 25. Be3 Nh4 26. Re1 Nf3 27.
Red1 Nh4 28. Bc2 Rb8 29. Rab1 a5 30. Rd5 a4 31. Ra5 Reb7 32. Rxa4 Bxc3 33. Bb3
Bf6 34. Bd4 Nf3 35. Be3 Re7 36. Kg2 Nh4+ 37. Kg3 Nf5+ 38. Kf3 Nh4+ 39. Ke2 Nf5
40. Ra6 Bd4 41. Ra3 Bxe3 42. fxe3 Rxe3+ 43. Kf2 Rxh3 44. Bxf7+ Kxf7 45. Rxh3 h5
46. Rd3 Rb4 47. Rf3 Nd4 48. a3 Rc4 49. Rc3 Ra4 50. b4 Nf5 51. Rd1 h4 52. Rd5
Ra7 53. Rdc5 Kf6 54. Rc7 Rxc7 55. Rxc7 Nd4 56. a4 Ke6 57. b5 Kd6 58. Rg7 Kc5
59. Rxg6 1-0

[Event "Mardi 2023.09.26"]
[Site "Laval CAN"]
[Date "2023.10.03"]
[Round "2.7"]
[White "Arseneau, Mathias"]
[Black "Chouchane, Amine"]
[Result "0-1"]
[WhiteElo "1715"]
[BlackElo "1957"]
[PlyCount "44"]
[EventDate "2023.09.26"]
[EventType "swiss"]
[EventRounds "5"]
[EventCountry "CAN"]

1. e4 c5 2. c3 e6 3. d4 d5 4. e5 Nc6 5. Nf3 Nh6 6. Bd3 cxd4 7. cxd4 f6 8. Bxh6
gxh6 9. exf6 Qxf6 10. O-O Bg7 11. Nc3 O-O 12. Qb1 Bd7 13. Bxh7+ Kh8 14. Ne2 Be8
15. Ng3 Nxd4 16. Re1 Nxf3+ 17. gxf3 Qxf3 18. Qc2 Rc8 19. Qxc8 Qxf2+ 20. Kh1
Qf3+ 21. Kg1 Bd4+ 22. Re3 Bxe3# 0-1

[Event "Mardi 2023.09.26"]
[Site "Laval CAN"]
[Date "2023.10.03"]
[Round "2.8"]
[White "Jutras, Marc-Andre"]
[Black "Berube, Maximilien"]
[Result "0-1"]
[WhiteElo "1799"]
[BlackElo "1915"]
[PlyCount "40"]
[EventDate "2023.09.26"]
[EventType "swiss"]
[EventRounds "5"]
[EventCountry "CAN"]

1. e4 c6 2. d4 d5 3. e5 Bf5 4. g4 Be4 5. f3 Bg6 6. e6 Qd6 7. exf7+ Bxf7 8. Nh3
e5 9. Qe2 Nd7 10. Bf4 Be7 11. dxe5 Bh4+ 12. Kd1 Qe7 13. g5 Nc5 14. Bd2 Ne6 15.
Rg1 Bh5 16. Qe3 Qf7 17. Be2 Ne7 18. Bb4 Nf5 19. Qa3 Nfd4 20. Nd2 Qf5 0-1

[Event "Mardi 2023.09.26"]
[Site "Laval CAN"]
[Date "2023.10.03"]
[Round "2.10"]
[White "Giroux, Robert"]
[Black "Lesage, Philippe"]
[Result "1/2-1/2"]
[WhiteElo "1790"]
[BlackElo "1878"]
[PlyCount "66"]
[EventDate "2023.09.26"]
[EventType "swiss"]
[EventRounds "5"]
[EventCountry "CAN"]

1. Nf3 Nf6 2. e3 d5 3. b3 g6 4. Bb2 Bg7 5. c4 O-O 6. cxd5 Qxd5 7. Nc3 Qf5 8. d4
c5 9. Bd3 Qh5 10. O-O Nc6 11. Ne2 cxd4 12. Nexd4 Nd5 13. Qd2 Nxd4 14. Nxd4 Rd8
15. Ne2 Bxb2 16. Qxb2 Nb4 17. Be4 Bg4 18. Ng3 Qb5 19. h3 Be6 20. Qe2 Qb6 21.
Rad1 Nd5 22. Bxd5 Bxd5 23. e4 Bc6 24. Rxd8+ Rxd8 25. Rd1 Qa5 26. Rxd8+ Qxd8 27.
Qe3 a6 28. h4 Qd1+ 29. Kh2 Qg4 30. h5 e6 31. h6 e5 32. Kh1 Qd1+ 33. Kh2 Qg4
1/2-1/2

[Event "Mardi 2023.09.26"]
[Site "Laval CAN"]
[Date "2023.10.03"]
[Round "2.11"]
[White "Jutras, Arnaud"]
[Black "Peloquin, Charli"]
[Result "0-1"]
[WhiteElo "1618"]
[BlackElo "1870"]
[PlyCount "55"]
[EventDate "2023.09.26"]
[EventType "swiss"]
[EventRounds "5"]
[EventCountry "CAN"]

1. d4 Nf6 2. c4 c5 3. Nf3 cxd4 4. Nxd4 Nc6 5. b3 e6 6. e3 d5 7. cxd5 exd5 8.
Bb5 Qb6 9. Nc3 Bb4 10. Bd2 O-O 11. Bxc6 bxc6 12. Na4 Qb7 13. Rc1 Ne4 14. Nc3
Nxd2 15. Qxd2 c5 16. Nf3 d4 17. exd4 Re8+ 18. Kf1 cxd4 19. Qxd4 Qa6+ 20. Kg1
Qa3 21. Rd1 Bb7 22. Nb5 Qa5 23. Nc7 Red8 24. Qxd8+ Rxd8 25. Rxd8+ Bf8 26. Rd7
Bc6 27. Rd1 Qxc7 28. h4 0-1

[Event "Mardi 2023.09.26"]
[Site "Laval CAN"]
[Date "2023.10.03"]
[Round "2.12"]
[White "Madanchi, Ata"]
[Black "Sasportas, Moshe"]
[Result "1-0"]
[WhiteElo "1842"]
[BlackElo "1625"]
[PlyCount "107"]
[EventDate "2023.09.26"]
[EventType "swiss"]
[EventRounds "5"]
[EventCountry "CAN"]

1. e4 d5 2. exd5 Qxd5 3. Nf3 Nf6 4. Be2 e5 5. Nc3 Qe6 6. O-O Bd6 7. d4 e4 8.
Ng5 Qe7 9. Ngxe4 Nxe4 10. Nxe4 Qxe4 11. Bb5+ Kd8 12. Re1 Qg4 13. Be2 Qh4 14. g3
Qf6 15. c4 Bd7 16. c5 Be7 17. Be3 c6 18. Qa4 Ke8 19. Qb3 Bc8 20. Bf4 Nd7 21.
Bc4 Kf8 22. Rxe7 Kxe7 23. Qe3+ Kd8 24. Bg5 Re8 25. Qf4 Re7 26. Bxf6 Nxf6 27.
Qg5 Be6 28. Bxe6 fxe6 29. Re1 Ke8 30. h4 Rd8 31. Qf4 a6 32. g4 Nd5 33. Qe5 Nb4
34. Qf4 g6 35. a3 Nd5 36. Qe5 Kf7 37. h5 Rg8 38. h6 g5 39. b4 Nf4 40. Re3 Ng6
41. Rf3+ Nf4 42. a4 Kg6 43. Kh2 Kf7 44. b5 axb5 45. axb5 Rg6 46. Kg3 Rd7 47.
bxc6 bxc6 48. Rxf4+ gxf4+ 49. Qxf4+ Rf6 50. Qe4 Rxh6 51. Qxc6 Rxd4 52. Qb7+ Kf6
53. g5+ Kxg5 54. Qg7+ 1-0

[Event "Mardi 2023.09.26"]
[Site "Laval CAN"]
[Date "2023.10.10"]
[Round "3.1"]
[White "Gerard, Patrice"]
[Black "Adam, Rafael"]
[Result "0-1"]
[WhiteElo "1665"]
[BlackElo "2178"]
[PlyCount "58"]
[EventDate "2023.09.26"]
[EventType "swiss"]
[EventRounds "5"]
[EventCountry "CAN"]

1. e4 c6 2. d4 d5 3. exd5 cxd5 4. c4 Nf6 5. Nc3 Nc6 6. Nf3 Bg4 7. Be3 e6 8. Rc1
Rc8 9. b3 Ba3 10. Rc2 Bf5 11. Bd3 Bxd3 12. Qxd3 Nb4 13. Qd2 dxc4 14. bxc4 Rxc4
15. O-O Nxc2 16. Qxc2 Nd5 17. Bd2 Qc7 18. Qb3 Rxc3 19. Bxc3 Qxc3 20. Qa4+ Kf8
21. Qxa7 g6 22. Qxb7 Kg7 23. Ne5 Qc7 24. Qb3 Bd6 25. Nf3 Rb8 26. Qd3 Rb2 27.
Ra1 Qc3 28. Qa6 Qc2 29. Rf1 Bb4 0-1